India's literary history : (Record no. 4991)

MARC details
000 -LEADER
fixed length control field 00639 a2200193 4500
010 ## - LCCN (DPL NO)
LC control number ENG-86686
020 ## - INTERNATIONAL STANDARD BOOK NUMBER
Terms of availability 395.00
International Standard Book Number 8178241722
035 ## - SYSTEM CONTROL NUMBER
System control number EN-70219
037 ## - SOURCE OF ACQUISITION
Source of stock number/acquisition DBAD / PUB
082 14 - DEWEY DECIMAL CLASSIFICATION NUMBER
Classification number 891.404
245 1# - TITLE STATEMENT
Title India's literary history :
Statement of responsibility, etc edited by Stuart Blackburn [and] Vasudha Dalmia
Remainder of title essays on the nineteenth century /
260 ## - PUBLICATION, DISTRIBUTION, ETC. (IMPRINT)
Place of publication, distribution, etc Delhi
Name of publisher, distributor, etc Permanent Black
Date of publication, distribution, etc 2006
270 ## - ADDRESS
Address D-28, Oxford Apartments, 11, I. P. Extension
City Delhi
Postal code 110 092
300 ## - PHYSICAL DESCRIPTION
Extent xi, 515 p
Dimensions 22cm (Pbk)
500 ## - GENERAL NOTE
General note Includes index
700 1# - ADDED ENTRY--PERSONAL NAME
Personal name Blackburn, Stuart
700 1# - ADDED ENTRY--PERSONAL NAME
Personal name Dalmia, Vasudha
942 ## - ADDED ENTRY ELEMENTS (KOHA)
Institution code [OBSOLETE] dpl
Item type English Books
Source of classification or shelving scheme Dewey Decimal Classification
Classification part 891.404
Call number suffix IND
Holdings
Withdrawn status Lost status Not for loan Collection code Home library Current library Source of acquisition Cost, normal purchase price Full call number Barcode Copy number Cost, replacement price Koha item type
    Not For Loan Non-fiction D.B.Act.Division D.B.Act.Division DBAD/PUB 395.00 891.404 IND EN-70219 1 395.00 English Books

© Delhi Public Library
Hit Counter
free hit counter